Textbook on yoga and health (Record no. 396134)

MARC details
000 -LEADER
fixed length control field 00503 a2200193 4500
005 - DATE & TIME
control field 20260212112934.0
008 - FIXED-LENGTH DATA ELEMENTS--GENERAL INFORMATION
fixed length control field 260211b |||||||| |||| 00| 0 eng d
020 ## - ISBN
International Standard Book Number 9789391973544
Price Rs. 2350.00
040 ## - CATALOGING SOURCE
Original cataloging agency VIVEKANANDA LIBRARY
082 ## - DDC NUMBER
Classification number 613.7046
Book Number R188T
100 ## - MAIN ENTRY--PERSONAL NAME
Personal name Rathee, Rohit
245 ## - TITLE STATEMENT
Title Textbook on yoga and health
260 ## - PUBLICATION, DISTRIBUTION, ETC. (IMPRINT)
Name of publisher, distributor, etc Ishika Publishing House
Date of publication, distribution, etc 2025
Place of publication, distribution, etc Jaipur
300 ## - PHYSICAL DESCRIPTION
Pages viii, 324
650 ## - Subject
Subject Yoga
650 ## - Subject
Subject Personal Health- Hygiene
650 ## - Subject
Subject Physical Fitness
942 ## - ADDED ENTRY ELEMENTS (KOHA)
Koha item type Books
Holdings
Withdrawn status Lost status Source of classification or shelving scheme Damaged status Not for loan Location (home branch) Sublocation or collection (holding branch) Shelving location Date acquired Koha issues (times borrowed) Koha full call number Accession No. Koha date last seen Koha item type
    Dewey Decimal Classification     VIVEKANANDA LIBRARY VIVEKANANDA LIBRARY Vivekananda Library 22/01/2026   613.7046 R188T 444511 22/01/2026 Books
© Designed and Maintained by Vivekananda Library, MDU Rohtak